things in space - Statistics

General Stats
  • This quiz has been taken 24 times
  • The average score is 6 of 10
Answer Stats
Hint Answer % Correct
We can walk and breath here. Normally. Thanks beloved ______ earth
95%
I have 69 moons. Take em' leave the good ones tho. (4 biggest) Love, _______ jupiter
95%
I have a big cookie ring! (not really they're rocks) don't eat it, - _________ saturn
95%
I is a big peanut! I come around every 75-76 years. Coming in around 2061! -lots of love, _______'s comet halley
90%
I'm hungry.. I can eat anything! give me light. Planets. Asteroids! ANYTHING! - _________ P.S bring me food! black hole
86%
STOP MISTAKING ME FOR THE CANDY BAR! how many times do I have to say that?! - please stop, signed the ____________ milky way
52%
Not the bright type of person... Not like your sun.. I'm a dwarf. glowing, but very weakly! - ________ dwarf brown
48%
I is a baby! goo goo ga ga! beetles.. i have nothing to do with those creatures, but it's in my name.... (pronunciation anyways) betelgeuse
33%
I am the king! Or... Am I? I can eat anything, so I should be, right? stronger than the one from above! -___________________ supermassive black hole
24%
OW OW OW! don't bump into me! 'Watch yourself!' We COLLIDED, therefore, we are a.... something. You figure it out. -best of luck, we the _______________________ colliding galaxies
10%
No matching quizzes found
Score Distribution
Percent of People with Each Score
Percentile by Number Answered
Your Score History
You have not taken this quiz